Γραφικά και Οπτικοποίηση / Αρχές και Αλγόριθμοι (Record no. 6113)
[ view plain ]
| 000 -LEADER | |
|---|---|
| fixed length control field | 01903cam a22002414a 4500 |
| 005 - ΗΜΕΡΟΜΗΝΙΑ ΚΑΙ ΩΡΑ ΤΕΛΕΥΤΑΙΑΣ ΕΝΗΜΕΡΩΣΗΣ | |
| Πεδίο ελέγχου | 20250605164233.0 |
| 008 - FIXED-LENGTH DATA ELEMENTS--GENERAL INFORMATION | |
| Πεδίο ελέγχου σταθερού μήκους | 250528s ||||||||||||||||||||||||d |
| 035 ## - SYSTEM CONTROL NUMBER | |
| System control number | 21042 |
| 020 ## - ISBN | |
| ISBN | 9789602662960 |
| 040 ## - ΠΗΓΗ ΚΑΤΑΛΟΓΟΓΡΑΦΗΣΗΣ | |
| Φορέας πρωτότυπης καταλογογράφησης | MC Athens Campus Library |
| Γλώσσα καταλογογράφησης | Ελληνικά, Μοντέρνα (1453-) |
| Modifying agency | MC Athens Campus Library |
| Κανόνες περιγραφικής καταλογογράφησης | AACR2 |
| 245 1# - ΤΙΤΛΟΣ ΚΑΙ ΔΗΛΩΣΗ ΥΠΕΥΘΥΝΟΤΗΤΑΣ | |
| Τίτλος | Γραφικά και Οπτικοποίηση / Αρχές και Αλγόριθμοι |
| 250 ## - EDITION STATEMENT | |
| Edition statement | 3η |
| 260 ## - PUBLICATION, DISTRIBUTION, ETC. | |
| Name of publisher, distributor, etc. | Συμμετρία, |
| Date of publication, distribution, etc. | 2015 |
| 300 ## - PHYSICAL DESCRIPTION | |
| Extent | 752 |
| 520 ## - SUMMARY, ETC. | |
| Summary, etc. | Το παρόν βιβλίο είναι ένα εκτενές διδακτικό σύγγραμα οπτικής υπολογιστικής. Πρόλογος, Εισαγωγή, Αλγόριθμοι Σχεδίασης, Συστήματα Συντεταγμένων και Μετασχηματισμοί στις 2Δ και 3Δ, Προβολές και Μετασχηματισμοί Παρατήρησης, Περικοπή και Απομάκρυνση Κρυμμένων Επιφανειών, Αναπαράσταση και Απλοποίηση Μοντέλων, Παραμετρικές Καμπύλες και Επιφάνειες, Υποδιαίρεση για τα Γραφικά και την Οπτικοποίηση, Διαχείριση Σκηνής, Αρχές Οπτικοποίησης, Το Χρώμα στα Γραφικά και στην Οπτικοποίηση, Μοντέλα και Αλγόριθμοι Φωτισμού, Σκιές, Υφή, Παρακολούθηση Ακτίνων, Αλγόριθμοι Ολικού Φωτισμού, Βασικές Τεχνικές Συνθετικής Κίνησης, Αλγόριθμοι Οπτικοποίησης, Βιβλιογραφία, Ευρετήριο. |
| 700 1# - ΠΡΟΣΘΕΤΗ ΑΝΑΓΡΑΦΗ--ΦΥΣΙΚΟ ΠΡΟΣΩΠΟ | |
| Personal name | Θεοχάρης Θ |
| 9 (RLIN) | 7062 |
| 700 1# - ΠΡΟΣΘΕΤΗ ΑΝΑΓΡΑΦΗ--ΦΥΣΙΚΟ ΠΡΟΣΩΠΟ | |
| Personal name | Παπαιωάννου Γ |
| 9 (RLIN) | 7063 |
| 700 1# - ΠΡΟΣΘΕΤΗ ΑΝΑΓΡΑΦΗ--ΦΥΣΙΚΟ ΠΡΟΣΩΠΟ | |
| Personal name | Πατρικαλάκης Ν.Μ |
| 9 (RLIN) | 7064 |
| 700 1# - ΠΡΟΣΘΕΤΗ ΑΝΑΓΡΑΦΗ--ΦΥΣΙΚΟ ΠΡΟΣΩΠΟ | |
| Personal name | Πλατής Ν |
| 9 (RLIN) | 7065 |
| 942 ## - ADDED ENTRY ELEMENTS (KOHA) | |
| Koha item type | Books |
| Τύπος τεκμηρίου | Βιβλιοθήκη | Τρέχουσα τοποθεσία | Barcode | Αριθμός εισαγωγής | Ημερομηνία απόκτησης | Ταξιθετικό σύμβολο | Αριθμός αντιτύπου | Κατάσταση απόσυρσης | Κατάσταση χαμένου | Κατάσταση κατεστραμμένου | Μη δανεισμός | Σύνολο δανεισμών | Ημερομηνία τελευταίας εμφάνισης | Η τιμή ισχύει από |
|---|---|---|---|---|---|---|---|---|---|---|---|---|---|---|
| Books | MC Athens Campus Library | MC Athens Campus Library | 9780000061126 | 6855 | 05/06/2025 | 006.6 THE | 1 | 05/06/2025 | 05/06/2025 |